Concentric circles of concern. (Record no. 13219)

000 -LEADER
fixed length control field 00632nam a2200205 a 4500
001 - CONTROL NUMBER
control field :::00011037$&:&@@
003 - CONTROL NUMBER IDENTIFIER
control field OkBaRHE
005 - DATE AND TIME OF LATEST TRANSACTION
control field 20000607103405.0
008 - FIXED-LENGTH DATA ELEMENTS--GENERAL INFORMATION
fixed length control field s1981 j 000 0 eng u
020 ## - INTERNATIONAL STANDARD BOOK NUMBER
International Standard Book Number 0805462333
040 ## - CATALOGING SOURCE
Transcribing agency
100 1# - MAIN ENTRY--PERSONAL NAME
Personal name Thompson, W. Oscar, d. 1980.
245 10 - TITLE STATEMENT
Title Concentric circles of concern.
260 ## - PUBLICATION, DISTRIBUTION, ETC. (IMPRINT)
Place of publication, distribution, etc Nashville, TN. :
Name of publisher, distributor, etc Broadman Press
Date of publication, distribution, etc c1981
300 ## - PHYSICAL DESCRIPTION
Extent 168 p. : illus. ;
Dimensions 21 cm.
650 ## - SUBJECT ADDED ENTRY--TOPICAL TERM
Topical term or geographic name as entry element Evangelistic Work
650 ## - SUBJECT ADDED ENTRY--TOPICAL TERM
Topical term or geographic name as entry element Witness Bearing (Christianity)
942 ## - ADDED ENTRY ELEMENTS (KOHA)
Source of classification or shelving scheme
Koha item type Books
Copies
Copy number Damaged status Source of classification or shelving scheme Date acquired Shelving location Not for loan Price effective from Barcode Koha item type Withdrawn status Full call number Permanent Location Date last seen Lost status
1  2010-04-14General Stacks 2010-04-1411037Books BV 4520 .T57RHEMA Bible Training College2010-04-14